000 00652nam a2200205Ia 4500
003 LDD
008 181029s9999 xx 000 0 und d
020 _a9781350048577
_cP 28.99
040 _cLDD
100 _aNado, Jennifer
245 0 _aAdvances in experimental philosophy and philosophical methodology
_cJennifer Nado
260 _aLondon
_bBloomsbury Academic Publishing
_c2017
300 _aviii, 179
365 _bP 28.99
440 _aAdvances in Experimental Philosophy
901 _a17049
_b04-12-2017
902 _a1501
_b12-02-2018
_cF
_dBRIGHT
_eIT
903 _aDiscount-20
_bReqst by : Nandini Sinha Kapur
942 _2ddc
_cBK
999 _c126718
_d126718